My Thoughts, My Motherland: Quest for a Golden India/ (Record no. 178410)

MARC details
000 -LEADER
fixed length control field 00595nam a22001817a 4500
005 - DATE AND TIME OF LATEST TRANSACTION
control field 20210330122455.0
010 ## - LCCN (DPL NO)
LC control number ENG-129324
020 ## - INTERNATIONAL STANDARD BOOK NUMBER
Terms of availability 245.00
International Standard Book Number 978-81-948200-6-2
035 ## - SYSTEM CONTROL NUMBER
System control number EN-112856
037 ## - SOURCE OF ACQUISITION
Source of stock number/acquisition DBAD/PUB
082 ## - DEWEY DECIMAL CLASSIFICATION NUMBER
Classification number 880
100 ## - MAIN ENTRY--PERSONAL NAME
Personal name Taneja, Narendra
245 ## - TITLE STATEMENT
Title My Thoughts, My Motherland: Quest for a Golden India/
Statement of responsibility, etc Narendra Taneja
260 ## - PUBLICATION, DISTRIBUTION, ETC. (IMPRINT)
Place of publication, distribution, etc New Delhi
Name of publisher, distributor, etc Vitasta Publishing Pvt. Ltd.(OPUS)
Date of publication, distribution, etc 2021
270 ## - ADDRESS
City New Delhi
Address 2/15, Ansari Roaad, Daryaganj
Postal code 110002
Electronic mail address info@vitastapublishing.com
300 ## - PHYSICAL DESCRIPTION
Extent 151p.
Dimensions 21cm(hbk)
942 ## - ADDED ENTRY ELEMENTS (KOHA)
Source of classification or shelving scheme Dewey Decimal Classification
Item type English Books
Classification part 880
Call number suffix TAN
Holdings
Withdrawn status Lost status Not for loan Collection code Home library Current library Date acquired Source of acquisition Cost, normal purchase price Full call number Barcode Copy number Cost, replacement price Koha item type
      Non-fiction Bawana Bawana 30/03/2021 DBAD/PUB 245.00 880 TAN EN-112856 1 245.00 English Books

© Delhi Public Library
Hit Counter
free hit counter